[Event "8th Nana Aleksandria"]
[Site "Poti GEO"]
[Date "2013.07.14"]
[Round "2.9"]
[White "Chighladze,I"]
[Black "Ter Karapetian,Ar"]
[Result "1-0"]
[WhiteElo "2399"]
[BlackElo "2060"]

1.d4 d5 2.c4 e6 3.Nf3 Nf6 4.Nc3 Be7 5.Bf4 O-O 6.e3 c5 7.dxc5 Bxc5 8.cxd5 exd5
9.Be2 Nc6 10.O-O Be6 11.Rc1 Rc8 12.a3 Be7 13.Nd4 Nxd4 14.Qxd4 Bc5 15.Qd3 Qd7
16.Rfd1 Bf5 17.Qb5 Qxb5 18.Nxb5 Bd7 19.Nd6 Bxd6 20.Bxd6 Rxc1 21.Rxc1 Rc8
22.Rxc8+ Bxc8 23.f3 Ne8 24.Bc5 b6 25.Bb4 Nc7 26.Kf2 f6 27.Bd6 Ne6 28.b4 a6
29.a4 Bd7 30.Bxa6 Bxa4 31.Ke2 Bc6 32.b5 Bd7 33.Kd3 Kf7 34.Kc3 Ke8 35.Kb4 f5
36.Be5 g6 37.Bd6 Kd8 38.Bb7 Nc7 39.Bc6 Na6+ 40.Ka4 Nc7 41.Be5 Ne6 42.Kb4 Nc7
43.Bd4 Na6+ 44.Ka4 Nc5+ 45.Bxc5 bxc5 46.Bxd5 Kc7 47.Ka5  1-0

[Event "7th LCT 2013"]
[Site "Leiden NED"]
[Date "2013.07.16"]
[Round "5.18"]
[White "Van der Marel,B"]
[Black "Klop,Tjomme"]
[Result "1/2-1/2"]
[WhiteElo "2176"]
[BlackElo "2069"]

1.d4 d5 2.c4 e6 3.Nc3 Nf6 4.Nf3 Be7 5.Bf4 c6 6.e3 O-O 7.Bd3 Nbd7 8.Qc2 dxc4
9.Bxc4 Nb6 10.Bd3 Nbd5 11.Nxd5 exd5 12.O-O g6 13.a3 Nh5 14.Bh6 Re8 15.b4 a6
16.Ne5 Ng7 17.e4 dxe4 18.Bc4 Ne6 19.Qxe4 Bg5 20.Bxg5 Nxg5 21.Qf4 Rf8 22.Rad1 Be6
23.Bxe6 Nxe6 24.Qe3 Qd5 25.Rd3 Rae8 26.Qh6 Re7 27.f4 f5 28.Qh4 Rg7 29.h3 Qd8
30.Qe1 Qd5 31.Qd2 Re7 32.Re1 Rd8 33.Nf3 Red7 34.Re5 Qd6 35.Qa2 Re7 36.d5 cxd5
37.Rdxd5 Qb6+ 38.Kh2 Rxd5 39.Qxd5 Kf8 40.Qc4 Qc7 41.Qxc7 Nxc7 42.Rc5 Ne6
43.Rc4 Rc7 44.Rxc7 Nxc7 45.Nd4 Ke7 46.g4 Ne6 47.Nb3 b6 48.gxf5 gxf5 49.Kg3 Kd6
50.Kf3 Kd5 51.Ke3 h6 52.Nd2 Nd4 53.Kd3 b5 54.Nf1 Nf3 55.Ng3 Nh4 56.Ne2 Ng2
57.Nc3+ Kd6 58.Ne2 Kd5 59.Nc3+  1/2-1/2

[Event "Minsk Open 2013"]
[Site "Minsk BLR"]
[Date "2013.07.17"]
[Round "5.12"]
[White "Tihonov,J"]
[Black "Zagorodny,Oleg"]
[Result "1-0"]
[WhiteElo "2421"]
[BlackElo "2094"]

1.d4 Nf6 2.c4 e6 3.Nf3 d5 4.Nc3 Be7 5.Bf4 a6 6.e3 Nbd7 7.c5 O-O 8.Bd3 b6
9.b4 bxc5 10.bxc5 Rb8 11.h3 Re8 12.O-O Bb7 13.Qa4 Bxc5 14.dxc5 e5 15.c6 Nc5
16.Qc2 Nxd3 17.Qxd3 e4 18.Qd4 exf3 19.cxb7 fxg2 20.Rfd1 Rxb7 21.Nxd5 Ne4
22.Kxg2 c5 23.Qa4 Qa8 24.Rac1 Rb2 25.Rc2 Nf6 26.Rxb2 Nxd5 27.Qxe8+ Qxe8 28.Rxd5 Qe4+
29.f3  1-0

[Event "12th Condom Open"]
[Site "Condom FRA"]
[Date "2013.07.18"]
[Round "7.1"]
[White "Cornette,M"]
[Black "Jianu,V"]
[Result "1/2-1/2"]
[WhiteElo "2578"]
[BlackElo "2560"]

1.d4 Nf6 2.Nf3 e6 3.c4 d5 4.Nc3 Be7 5.Bf4 O-O 6.a3 a6 7.e3 dxc4 8.Bxc4 c5
9.dxc5 Qxd1+ 10.Rxd1 Bxc5 11.O-O b5 12.Be2 Nbd7 13.Nd2 Bb7 14.Nb3 Bb6 15.Rd2  1/2-1/2

[Event "XV Sant Marti Open A"]
[Site "Barcelona ESP"]
[Date "2013.07.19"]
[Round "7.21"]
[White "Pulvett,D"]
[Black "Leiro Giralt,D"]
[Result "1-0"]
[WhiteElo "2405"]
[BlackElo "2220"]

1.d4 Nf6 2.c4 e6 3.Nf3 d5 4.Nc3 Be7 5.Bf4 O-O 6.a3 c5 7.dxc5 dxc4 8.e4 Qa5
9.Bxc4 Nxe4 10.b4 Nxc3 11.Qc2 Qd8 12.Qxc3 Nc6 13.Rd1 Qe8 14.Bd6 Bxd6 15.Rxd6 Ne7
16.O-O Bd7 17.Qd3 Nd5 18.Ng5 g6 19.Re1 Nf6 20.Qd4 Qe7 21.Ne4 e5 22.Rxd7 Nxd7
23.Qxd7 Qxd7 24.Nf6+ Kg7 25.Nxd7 Rfe8 26.b5 Rac8 27.Bd5 Rcd8 28.Bxb7 Rxd7
29.Bc6 Rde7 30.Bxe8 Rxe8 31.a4 Rd8 32.b6 Rb8 33.a5 Kf6 34.c6 axb6 35.c7  1-0

[Event "7th LCT 2013"]
[Site "Leiden NED"]
[Date "2013.07.19"]
[Round "7.23"]
[White "Van Zetten,M"]
[Black "Klop,Tjomme"]
[Result "1-0"]
[WhiteElo "2044"]
[BlackElo "2069"]

1.d4 d5 2.c4 e6 3.Nf3 Nf6 4.Nc3 Be7 5.Bf4 c6 6.e3 Nbd7 7.h3 O-O 8.c5 b6 9.b4 a5
10.a3 Ne4 11.Nxe4 dxe4 12.Ne5 Nxe5 13.Bxe5 Qd5 14.Rc1 b5 15.a4 axb4 16.axb5 cxb5
17.Bxb5 Ba6 18.Qe2 Qb7 19.Bxa6 Rxa6 20.O-O Raa8 21.Qc4 b3 22.c6 Qb6 23.c7 Rfc8
24.Rc3 Ra3 25.Rb1 b2 26.Rxa3 Bxa3 27.d5 exd5 28.Qxd5 Kf8 29.Qxe4 Qg6 30.Qxg6 hxg6
31.Kf1 Ke7 32.Ke2 f6 33.Bxb2 Bxb2 34.Rxb2 Rxc7 35.Kf3 g5 36.Rd2 Rc4 37.Ra2 Rc7
38.g3 Kf7 39.Ra4 Rc2 40.h4 gxh4 41.Rxh4 Ra2 42.Rb4 Rc2 43.e4 Ra2 44.Rb5 Rc2
45.Ke3 Ra2 46.Rd5 Ra1 47.Kf4 Rf1 48.Rd2 Ke6 49.f3 Ke7 50.Rd3 Ke6 51.Ra3 g5+
52.Kg4 Ke5 53.Ra1 Ke6 54.Ra5 Rf2 55.Rf5 Re2 56.Kh5 Ke7 57.Kg6 g4 58.fxg4 Rxe4
59.g5 fxg5 60.Kxg5 Re6 61.g4 Ra6 62.Rf4 Ra1 63.Kg6 Ra6+ 64.Kg7 Ra5 65.Rf5 Ra1
66.g5 Ke6 67.Rf6+ Ke7 68.g6 Ra4 69.Rf3 Re4 70.Kg8 Re5 71.g7 Re4 72.Rf5 Rh4
73.Re5+ Kf6 74.Re1 Ra4 75.Rh1 Ra8+ 76.Kh7 Ra7 77.Rf1+ Kg5 78.Kh8 Kh6  1-0

[Event "Czech Open A 2013"]
[Site "Pardubice CZE"]
[Date "2013.07.19"]
[Round "1.16"]
[White "Mirzoev,A"]
[Black "Rjabzev,K"]
[Result "1-0"]
[WhiteElo "2536"]
[BlackElo "2290"]

1.d4 d5 2.Nf3 Nf6 3.c4 e6 4.Nc3 Be7 5.Bf4 O-O 6.e3 c5 7.dxc5 Bxc5 8.Qc2 Nc6
9.O-O-O Qa5 10.a3 Be7 11.Nd2 a6 12.g4 e5 13.Nb3 Qc7 14.g5 dxc4 15.Bxc4 exf4
16.gxf6 Bxf6 17.Nd5 Qe5 18.exf4 Qd6 19.Kb1 Bg4 20.Rd2 Ne7 21.Rg1 Bf3 22.Nc7 Qxf4
23.Nxa8 Rxa8 24.Be2 Bxe2 25.Rxe2 g6 26.h3 Nc6 27.Rd1 a5 28.Qe4 Qxe4+ 29.Rxe4 Kg7
30.Rd7 a4 31.Nc5 b5 32.Ne6+ Kg8 33.Nc7 Rc8 34.Nxb5 Rb8 35.Rd5  1-0

[Event "17th Battle of Senta"]
[Site "Senta SRB"]
[Date "2013.07.19"]
[Round "8.7"]
[White "Simonyi,Z"]
[Black "Desnica,V"]
[Result "0-1"]
[WhiteElo "2220"]
[BlackElo "2257"]

1.d4 Nf6 2.Nf3 e6 3.c4 d5 4.Nc3 Be7 5.Bf4 O-O 6.e3 c5 7.dxc5 Bxc5 8.cxd5 Nxd5
9.Nxd5 exd5 10.a3 Nc6 11.Bd3 Bb6 12.O-O Bg4 13.h3 Bh5 14.Rc1 d4 15.g4 Bg6
16.e4 Re8 17.Re1 Qd7 18.Nh4 Rad8 19.Kg2 Bc7 20.Bxc7 Qxc7 21.Qd2 Qe7 22.Kg3 Ne5
23.Nf5 Bxf5 24.exf5 Qd6 25.f4 Nxd3 26.Qxd3 h5 27.g5 Qb6 28.b4 a5 29.b5 Rxe1
30.Rxe1 Rc8 31.g6 fxg6 32.fxg6 Qf6 33.Qe4 Rf8 34.Rd1 Qd6 35.Rxd4 Qxa3+ 36.Rd3 Qc5
37.Qd5+ Qxd5 38.Rxd5 Ra8 39.Rd3 a4 40.Ra3 Kf8 41.f5 Ke7 42.Kf4 Kd6 43.f6 gxf6
44.Kf5 Ke7 45.Re3+ Kf8 46.Kxf6 a3 47.g7+ Kg8 48.Re1 a2 49.Ra1 h4 50.Kg6 b6
51.Kh6 Ra7 52.Kg6 Rxg7+ 53.Kf5 Rg2 54.Ke6 Kg7 55.Ke5 Kf7 56.Kd6 Kf6 57.Rf1+ Kg5
58.Ke5 Rb2 59.Ra1 Rxb5+ 60.Kd4 Ra5 61.Ke4 b5 62.Kd4 Kf4 63.Kc5 Kg3 64.Kb4 Ra8  0-1

[Event "Horsens Lang Weekend 2013"]
[Site "Horsens DEN"]
[Date "2013.07.20"]
[Round "6.2"]
[White "Jorgensen,BJ"]
[Black "Antonsen,M"]
[Result "0-1"]
[WhiteElo "2248"]
[BlackElo "2456"]

1.d4 d5 2.c4 e6 3.Nc3 Be7 4.Nf3 Nf6 5.Bf4 O-O 6.Rc1 Nbd7 7.cxd5 exd5 8.e3 c6
9.Bd3 Nh5 10.Qc2 Nxf4 11.Bxh7+ Kh8 12.exf4 Bd6 13.Ne5 Qh4 14.Bf5 Nxe5 15.fxe5 Qxd4
16.exd6 Qe5+ 17.Be4 f5 18.f4 Qe6 19.O-O fxe4 20.Rcd1 Bd7 21.Qf2 Kg8 22.Qd4 b6
23.b4 Rf5 24.g4 Qg6 25.h3 Raf8 26.Qe3 R5f6 27.Rd2 Rxd6 28.f5 Rxf5 29.Rxf5 Bxf5
30.Ne2 Bd7 31.Nf4 Qg5 32.Rf2 Rf6 33.Nxd5 Qxd5 34.Rd2 Qe6 35.Qd4 Rf7 36.Re2 Re7
37.Re3 Qd5  0-1

[Event "Schachtennis 2013"]
[Site "Baden-Baden GER"]
[Date "2013.07.21"]
[Round "1"]
[White "Tregubov,P"]
[Black "Fridman,D"]
[Result "0-1"]
[WhiteElo "2608"]
[BlackElo "2629"]

1.d4 d5 2.c4 e6 3.Nf3 Nf6 4.Nc3 Be7 5.Bf4 O-O 6.e3 Nbd7 7.Be2 dxc4 8.O-O a6
9.a4 c5 10.Bxc4 cxd4 11.Qxd4 Nb6 12.Bb3 Qxd4 13.Nxd4 Bd7 14.a5 Nbd5 15.Nxd5 Nxd5
16.Bg3 Bf6 17.Rfd1 Rfd8 18.e4 Nb4 19.Bc7 Rdc8 20.Bb6 Be8 21.Nxe6 fxe6 22.Bxe6+ Kf8
23.Bxc8 Rxc8 24.Rac1 Rxc1 25.Rxc1 Nd3 26.Rc8 Nxb2 27.Rb8 Nc4 28.Rxb7 Bc6
29.Ra7 Bb5 30.g3 Nd2 31.Bc5+ Ke8 32.Ra8+ Kd7 33.Ra7+ Ke6 34.Bf8 Bd4 35.Re7+ Kf6
36.Kg2 Bf1+ 37.Kg1 Bb5 38.h4 h5 39.Kg2 Bd3 40.e5+ Bxe5 41.Rxg7 Bd6 42.Rd7 Be4+  0-1

[Event "6th Paleochora Open"]
[Site "Paleochora GRE"]
[Date "2013.07.22"]
[Round "5.1"]
[White "Banikas,H"]
[Black "Rychagov,A"]
[Result "1/2-1/2"]
[WhiteElo "2609"]
[BlackElo "2544"]

1.Nf3 d5 2.d4 Nf6 3.c4 e6 4.Nc3 Be7 5.Bf4 O-O 6.Rc1 Nbd7 7.cxd5 exd5 8.e3 c6
9.h3 Re8 10.Bd3 Nf8 11.O-O Ng6 12.Bh2 Bd6 13.Bxd6 Qxd6 14.Qc2 Qe7 15.Rfe1 Ne4
16.b4 a6 17.a4 Nh4 18.Nxh4 Qxh4 19.Bf1 Bf5 20.Nxe4 Bxe4 21.Qd2 Re6 22.f3 Bf5
23.Qf2  1/2-1/2

[Event "28th Avoine Open"]
[Site "Avoine FRA"]
[Date "2013.07.23"]
[Round "4.37"]
[White "Martinez,Rod"]
[Black "Hutois,M"]
[Result "0-1"]
[WhiteElo "1857"]
[BlackElo "2142"]

1.d4 Nf6 2.c4 e6 3.Nf3 d5 4.Nc3 Be7 5.Bf4 O-O 6.e3 b6 7.cxd5 exd5 8.Bd3 Bb7
9.Rc1 c5 10.O-O Nbd7 11.Qc2 g6 12.Qb1 Re8 13.Nb5 Nh5 14.Bc7 Qc8 15.Bd6 Qc6
16.dxc5 bxc5 17.Bxe7 Rxe7 18.b4 c4 19.Nbd4 Qd6 20.Bc2 Ne5 21.Rcd1 Ng7 22.e4 Rd8
23.exd5 Nxf3+ 24.Nxf3 Bxd5 25.Qb2 Qc7 26.Qc3 Ne6 27.Rfe1 Bxf3 28.Rxd8+ Qxd8
29.Qxf3 Nd4  0-1

[Event "Karpacz Open 2013"]
[Site "Karpacz POL"]
[Date "2013.07.26"]
[Round "5.6"]
[White "Parol,P"]
[Black "Abratanski,Wojciech"]
[Result "1-0"]
[WhiteElo "1995"]
[BlackElo "1303"]

1.d4 d5 2.c4 e6 3.Nc3 Nf6 4.Nf3 Be7 5.Bf4 a6 6.e3 O-O 7.a3 b6 8.Bd3 Bb7 9.O-O Nbd7
10.cxd5 exd5 11.b4 c5 12.dxc5 bxc5 13.bxc5 Nxc5 14.Bf5 Bc8 15.Nd4 Be6 16.Rb1 g6
17.Bxe6 fxe6 18.Nc6 Qe8 19.Nxe7+ Qxe7 20.Rb6 Ncd7 21.Bd6 Qd8 22.Rb7 Rf7 23.Qd4 Ne8
24.Bg3 Qc8 25.Rfb1 Qc5 26.Qxc5 Nxc5 27.Rb8 Rxb8 28.Rxb8 Rf8 29.Kf1 Nd7 30.Ra8 Nc5
31.Ke2 Kg7 32.Be5+ Kh6 33.Bd6 Rxf2+ 34.Kxf2 Nxd6 35.Rd8 Nc4 36.Rc8 Ne5 37.Ke2 Nb3
38.Na4 d4 39.Nc5 Nxc5 40.Rxc5 d3+ 41.Kd2 Ng4 42.Kxd3 Nxh2 43.Ra5 Ng4 44.Rxa6 e5
45.Rb6 Kh5 46.a4 Kh4 47.a5 g5 48.a6 h5 49.a7 Kg3 50.a8=Q e4+ 51.Kxe4 Kxg2
52.Kf5+ Kg3 53.Rb1 h4 54.Rg1+  1-0

[Event "Yinzhou Cup CHN-USA Rapid"]
[Site "Ningbo CHN"]
[Date "2013.07.26"]
[Round "6.5"]
[White "Ni,V"]
[Black "Guo Qi"]
[Result "1/2-1/2"]
[WhiteElo "2173"]
[BlackElo "2446"]

1.d4 e6 2.c4 d5 3.Nc3 Be7 4.Bf4 Nf6 5.Nf3 O-O 6.e3 c5 7.dxc5 Bxc5 8.cxd5 Nxd5
9.Nxd5 exd5 10.a3 Nc6 11.Bd3 h6 12.O-O Bb6 13.Bb1 Ne7 14.Nd4 Bxd4 15.Qxd4 Be6
16.Qb4 Qd7 17.Bd3 Nc6 18.Qd2 d4 19.Bb5 dxe3 20.Qxe3 Qd4 21.Qg3 Qf6 22.Bxc6 bxc6
23.Be5 Qg5 24.Qxg5 hxg5 25.Rac1 Bd5 26.b4 a5 27.Rfd1 axb4 28.axb4 f6 29.Bd6 Rfd8
30.Be7 Re8 31.Bd6 Re6 32.Bc5 Rb8 33.Re1 Kf7 34.Rxe6 Bxe6 35.Rd1 Bd5 36.Re1 Re8
37.Rxe8 Kxe8 38.f3 Kf7 39.Kf2 Ke6 40.Bf8 g6 41.Kg3 Bc4 42.h4 gxh4+ 43.Kxh4 Bf1
44.g4 g5+ 45.Kg3 Bc4 46.f4 gxf4+ 47.Kxf4 Bd3  1/2-1/2

[Event "Breisacher Memorial"]
[Site "Biel SUI"]
[Date "2013.07.27"]
[Round "6.3"]
[White "Ding Liren"]
[Black "Moiseenko,A1"]
[Result "1-0"]
[WhiteElo "2714"]
[BlackElo "2699"]

1.d4 Nf6 2.c4 e6 3.Nf3 d5 4.Nc3 Be7 5.Bf4 O-O 6.e3 Nbd7 7.c5 Ne4 8.Rc1 f5
9.h3 c6 10.Be2 Bf6 11.O-O Qe8 12.Bh2 b6 13.Nxe4 fxe4 14.Ne5 Bxe5 15.Bxe5 Nxe5
16.dxe5 Bd7 17.Qd4 b5 18.f4 exf3 19.gxf3 Qh5 20.Kh2 Be8 21.Rg1 Bg6 22.Rg3 Bf5
23.Rcg1 Rf7 24.R1g2 Qh6 25.Kg1 a5 26.h4 Rfa7 27.Rg5 Rf8 28.h5 Bb1 29.a3 Rf5
30.f4 Be4 31.R2g3 g6 32.Bg4 Rxg5 33.fxg5 Qg7 34.Bxe6+ Kf8 35.h6 Qc7 36.Bh3 Ke8
37.Kf2 Qf7+ 38.Ke1 Qc7 39.Rg1 Qb8 40.e6  1-0

[Event "ch-AUT 2013"]
[Site "Feldkirch AUT"]
[Date "2013.07.27"]
[Round "8.18"]
[White "Menezes,Chr"]
[Black "Proyer,E"]
[Result "1-0"]
[WhiteElo "2261"]
[BlackElo "1911"]

1.d4 d5 2.c4 e6 3.Nf3 Nf6 4.Nc3 Be7 5.Bf4 O-O 6.Rc1 a6 7.cxd5 exd5 8.e3 c6
9.h3 Nbd7 10.Bd3 Re8 11.O-O Nf8 12.Qc2 Ng6 13.Be5 Bd6 14.Bxd6 Qxd6 15.Rb1 Qe7
16.b4 Ne4 17.Ne2 Nh4 18.Bxe4 dxe4 19.Nxh4 Qxh4 20.f4 Bxh3 21.gxh3 Qxh3 22.Kf2 Qh4+
23.Kg2 Re6 24.Ng3 Rg6 25.Qf2 f5 26.Rg1 a5 27.bxa5 Rxa5 28.Rxb7 h5 29.Kf1 Ra3
30.Rb3 Ra4 31.Rb8+ Kf7 32.Rb7+ Kf8 33.Qc2 Qh3+ 34.Kf2 h4 35.Qxa4 hxg3+ 36.Ke1 Re6
37.Rb8+ Kf7 38.Rb7+ Kg8 39.Qb3 Qh6 40.Re7  1-0

[Event "9th Gazi 2013"]
[Site "Gazi GRE"]
[Date "2013.07.27"]
[Round "1"]
[White "Lirindzakis,T"]
[Black "Serpetsidaki,Eva"]
[Result "1-0"]
[WhiteElo "2286"]
[BlackElo "1407"]

1.d4 d5 2.c4 e6 3.Nf3 Nf6 4.Nc3 Be7 5.Bf4 O-O 6.e3 a6 7.h3 Nbd7 8.cxd5 Nxd5
9.Nxd5 exd5 10.Bd3 Bb4+ 11.Ke2 Re8 12.Qc2 Qf6 13.Bxc7 Nf8 14.Be5 Qb6 15.Rac1 Bd7
16.Qb3 Bc6 17.Rhd1 Ne6 18.Kf1 Red8 19.a3 Bc5 20.Qc2 Be7 21.Bxh7+ Kf8 22.Bd3 Rac8
23.Qd2 Ng5 24.Nxg5 Bxg5 25.Kg1 Re8 26.Qe2 Qd8 27.Rc3 Bf6 28.Bxf6 Qxf6 29.Rdc1 Qd6
30.Qh5 Qf6 31.h4 Rc7 32.b4 b5 33.a4 bxa4 34.Bxa6 Ra8 35.b5  1-0

[Event "VIII Vladimir Dvorkovich Open"]
[Site "Taganrog RUS"]
[Date "2013.07.28"]
[Round "7.21"]
[White "Krivochkin,Ilya"]
[Black "Sipetin,Vladislav"]
[Result "0-1"]
[WhiteElo "1925"]
[BlackElo "2082"]

1.d4 d5 2.c4 e6 3.Nf3 Be7 4.Nc3 Nf6 5.Bf4 O-O 6.e3 c6 7.Bd3 Bd6 8.Ne5 dxc4
9.Bxc4 Nd5 10.Bg3 Qe7 11.O-O Nd7 12.Ne4 Bc7 13.Qb3 N7b6 14.Bd3 a5 15.a3 f6
16.Nf3 Bxg3 17.Nxg3 Nd7 18.Rac1 g6 19.Ne2 c5 20.e4 Nc7 21.Rfd1 a4 22.Qc2 b6
23.Nc3 cxd4 24.Nxa4 e5 25.Nxb6 Nxb6 26.Qxc7 Qxc7 27.Rxc7 Na4 28.Rc2 Be6 29.Nd2 Rfc8
30.Rb1 Nc5 31.Bc4 Bxc4 32.Rxc4 Nd3 33.Kf1 Rab8 34.b4 Rxc4 35.Nxc4 Rc8 36.Nb2 Nf4
37.g3 Ne6 38.a4 Ng5 39.Nd3 Nxe4 40.Rc1 Rxc1+ 41.Nxc1 Nc3 42.a5 Nb5 43.Ke2 e4
44.Nb3 Kf7 45.Nc5 f5 46.a6 Ke7 47.Kd2 Kd6 48.Nb3 Kc6 49.Nc5 Kb6 50.Nd7+ Kxa6
51.Nf8 Nd6 52.Nxh7 Nc4+ 53.Kc2 Kb5 54.Nf6 Kxb4 55.Nd5+ Kc5 56.Nf4 Ne5 57.h4 Kc4
58.h5 gxh5 59.Nxh5 Ng4 60.Ng7 Nxf2 61.Nxf5 e3 62.Nd6+ Kd5 63.Nf5 d3+ 64.Kc3 Ke4
65.Nd6+ Kf3 66.Nc4 Ke2 67.Kd4 Ng4 68.Nb2 d2 69.Ke4 d1=Q 70.Nxd1 Kxd1 71.Kf3 e2
72.Kxg4 e1=Q  0-1

[Event "VIII Vladimir Dvorkovich Open"]
[Site "Taganrog RUS"]
[Date "2013.07.28"]
[Round "7.16"]
[White "Shubny,Aleksandr"]
[Black "Shilyakin,G"]
[Result "1-0"]
[WhiteElo "2036"]
[BlackElo "2006"]

1.d4 d5 2.c4 e6 3.Nc3 Nf6 4.Nf3 Be7 5.Bf4 c6 6.e3 Nbd7 7.h3 O-O 8.Qc2 Re8
9.Rd1 Nf8 10.Bd3 dxc4 11.Bxc4 Nd5 12.Bg3 Bb4 13.O-O Bd6 14.Bxd6 Qxd6 15.e4 Nf4
16.e5 Qe7 17.Ne4 Rd8 18.a3 Nd5 19.Nd6 Nc7 20.Nd2 Ne8 21.N2e4 f5 22.Nxf5 Qc7
23.Nfd6 b6 24.Rd3 Bd7 25.Rg3 Nxd6 26.Nxd6 Be8 27.f4 Kh8 28.f5 Rxd6 29.exd6 Qxd6
30.Qc3 exf5 31.d5 Bg6 32.Rxf5 Qc7 33.Re5 Rd8 34.Bb3 c5 35.Rge3 Rd7 36.Ba4 Rf7
37.Be8 Rf6 38.Bxg6 hxg6 39.b4 Qd6 40.Qe1 c4 41.Qh4+ Kg8 42.Qxc4 Rf7 43.Qe4  1-0

[Event "12th World U16 Ol"]
[Site "Chongqing CHN"]
[Date "2013.07.29"]
[Round "10"]
[White "Khademalsharieh,S"]
[Black "Karthikeyan,M2"]
[Result "1/2-1/2"]
[WhiteElo "2315"]
[BlackElo "2443"]

1.d4 d5 2.c4 e6 3.Nc3 Be7 4.Nf3 Nf6 5.Bf4 O-O 6.e3 Nbd7 7.Be2 dxc4 8.Bxc4 a6
9.O-O b5 10.Bd3 Bb7 11.Ne5 c5 12.dxc5 Nxc5 13.Bc2 Rc8 14.Qe2 b4 15.Na4 Qd5
16.f3 Nxa4 17.Bxa4 Nh5 18.Nd3 Rfd8 19.Rfd1 Nxf4 20.Nxf4 Qe5 21.Nd3 Qa5 22.Bb3 Qb5
23.Rac1 Bf6 24.Rxc8 Rxc8 25.Rd2 g6 26.Rc2 a5 27.Rxc8+ Bxc8 28.Qd1 Ba6 29.Bc2 a4
30.Nf2 Bxb2 31.Bxa4 Qc5 32.Qe1 Bc1 33.Nd1 Bc4 34.Qf2 Qa7 35.Bb3 Bxb3 36.axb3 Qa1
37.Qf1 Qb1 38.Nf2 Qb2 39.Qd3 Qc3 40.e4 Be3 41.Kf1 h5 42.Qd1 Kg7 43.Nd3 Bb6
44.Ke2 Qd4 45.Qc1 Kg8 46.Qc8+ Kh7 47.Qc1 e5 48.h3 Kg8 49.Kd2 Kg7 50.Ke2 Kh7
51.Kd2 Kg7 52.Ke2 f6 53.Kd2 Qe3+ 54.Kc2 Qe2+ 55.Qd2 Qf1 56.Ne1 Bf2 57.Nd3 Bb6
58.Ne1 Bf2 59.Nd3 Bb6 60.Ne1 Bf2  1/2-1/2

[Event "XXII TCh-MKD 2013"]
[Site "Struga MKD"]
[Date "2013.07.29"]
[Round "1.1"]
[White "Eljanov,P"]
[Black "Stamenkov,V"]
[Result "1-0"]
[WhiteElo "2702"]
[BlackElo "2313"]

1.d4 Nf6 2.Nf3 e6 3.c4 d5 4.Nc3 Be7 5.Bf4 O-O 6.e3 c6 7.h3 Bd6 8.Bxd6 Qxd6
9.Rc1 Nbd7 10.a3 Qe7 11.Qc2 h6 12.Be2 dxc4 13.Bxc4 e5 14.O-O exd4 15.Nxd4 Nb6
16.Ba2 Rd8 17.Rcd1 Nbd5 18.Nxd5 Nxd5 19.Rfe1 Qf6 20.Qc5 Nc7 21.Qa5 b6 22.Qc3 Bb7
23.Ne2 Qxc3 24.Nxc3 Kf8 25.f4 c5 26.Kf2 Bc6 27.g4 b5 28.Bb1 b4 29.Be4 Bxe4
30.Nxe4 bxa3 31.bxa3 Na6 32.Kf3 Rab8 33.Rxd8+ Rxd8 34.Rb1 Rd7 35.Rb5 Rc7
36.Ra5 Rc6 37.Nd2 Nc7 38.Nc4 Na6 39.e4 f6 40.f5 Ke7 41.Kf4 Kd8 42.h4 Kc7
43.e5 fxe5+ 44.Kxe5 Kb7 45.Rb5+ Kc7 46.g5 hxg5 47.hxg5 Nb8 48.a4 Nd7+ 49.Ke4 Kc8
50.a5 Kc7 51.Kd5 Ra6 52.Rb1 Kd8 53.Rh1 Ke7 54.Re1+  1-0

[Event "VIII Vladimir Dvorkovich Open"]
[Site "Taganrog RUS"]
[Date "2013.07.30"]
[Round "9.16"]
[White "Zakaryan,David"]
[Black "Gunchenko,Vadim"]
[Result "1-0"]
[WhiteElo "2276"]
[BlackElo "1990"]

1.d4 Nf6 2.Nf3 d5 3.c4 e6 4.Nc3 Be7 5.Bf4 c6 6.e3 O-O 7.h3 Nbd7 8.Rc1 dxc4
9.Bxc4 b5 10.Bd3 Bb7 11.O-O a6 12.Ne4 Nd5 13.Bh2 Qb6 14.Ne5 Nxe5 15.Bxe5 f6
16.Bh2 Rac8 17.Nc5 Bxc5 18.Rxc5 f5 19.Qe2 Nf6 20.Bd6 Rf7 21.g4 g6 22.b4 Qd8
23.Bg3 Nd7 24.Rcc1 Qe7 25.a3 Rcf8 26.f4 Nb6 27.Rc5 Nd5 28.Bc2 Ra8 29.Be1 Raf8
30.Bd2 Qd6 31.Kg2 Nb6 32.Kg3 Nd5 33.h4 Nf6 34.g5 Nd7 35.Rc3 Qe7 36.h5 Rg7
37.e4 Nb6 38.exf5 exf5 39.Bb3+ Kh8 40.Re3 Qd6 41.Re6 Qd7 42.h6 Rgf7 43.Qe5+  1-0

[Event "14th ch-EUR Ind w"]
[Site "Belgrade SRB"]
[Date "2013.07.31"]
[Round "8.32"]
[White "Savina,A"]
[Black "Makropoulou,M"]
[Result "1-0"]
[WhiteElo "2368"]
[BlackElo "2220"]

1.d4 Nf6 2.c4 e6 3.Nf3 d5 4.Nc3 Be7 5.Bf4 O-O 6.e3 Nbd7 7.Qc2 c5 8.Rd1 cxd4
9.Rxd4 Qa5 10.Bg3 b6 11.Nd2 Bb4 12.Be2 e5 13.Rh4 d4 14.exd4 exd4 15.Rxd4 Re8
16.Ndb1 Qc5 17.Rd2 Bb7 18.O-O Ne5 19.a3 Qc6 20.Rd5 Bxc3 21.Nxc3 Nxc4 22.Bf3 Qe6
23.Rd3 Bxf3 24.Rxf3 Rac8 25.Rd3 Qg4 26.h3 Qg6 27.Rfd1 h6 28.Qb3 Nh5 29.Nb5 a6
30.Nc7 Na5 31.Qb4 Nxg3 32.Rxg3 Qc2 33.Qd4 Re5 34.Qxe5 Qxd1+ 35.Kh2 g6 36.Ne6 fxe6
37.Qxe6+  1-0

[Event "9th Ribeira Valley Open 2013"]
[Site "Registro BRA"]
[Date "2013.07.31"]
[Round "4.4"]
[White "Mareco,S"]
[Black "Sztokbant,B"]
[Result "1-0"]
[WhiteElo "2561"]
[BlackElo "2209"]

1.Nf3 d5 2.c4 e6 3.d4 Be7 4.Nc3 Nf6 5.Bf4 O-O 6.e3 c5 7.dxc5 Bxc5 8.Qc2 Nc6
9.a3 Qa5 10.Nd2 Be7 11.Rd1 e5 12.Bg5 d4 13.Nb3 Qd8 14.Be2 Be6 15.O-O Rc8
16.exd4 Nxd4 17.Nxd4 exd4 18.Nb5 h6 19.Nxd4 Bd7 20.Bf4 Qa5 21.Qd3 Rfd8 22.b4 Qa6
23.Qg3 Kh8 24.Be5 Re8 25.c5 Qa4 26.Rd3 Bd8 27.Re3 b6 28.c6 Rxe5  1-0

[Event "114th US Open"]
[Site "Middleton USA"]
[Date "2013.08.01"]
[Round "6.4"]
[White "Chirila,I"]
[Black "Tang,Andrew"]
[Result "1-0"]
[WhiteElo "2528"]
[BlackElo "2147"]

1.d4 d5 2.c4 e6 3.Nc3 Be7 4.Nf3 Nf6 5.Bf4 O-O 6.a3 c6 7.e3 Nbd7 8.h3 b6 9.cxd5 exd5
10.Qa4 Bb7 11.Rc1 a6 12.Be2 c5 13.dxc5 bxc5 14.O-O Qb6 15.Qc2 Rac8 16.Rfd1 Rfd8
17.Qb1 Nf8 18.Na4 Qa5 19.Qc2 Ne6 20.Be5 Bc6 21.Nc3 d4 22.Nb1 dxe3 23.fxe3 Nd5
24.e4 Nf6 25.Nbd2 Qb6 26.Nc4 Qa7 27.Bd3 h6 28.Qe2 Nd7 29.Bg3 Ba4 30.Rf1 Nb6
31.Nfe5 Bf6 32.Nxf7 Qxf7 33.e5 Nd5 34.exf6 Nd4 35.Qe4 Nxf6 36.Rxf6 gxf6 37.Nd6 Qg7
38.Bc4+ Kf8 39.Nxc8 Bc6 40.Qe3 Nf3+ 41.Kh1 Nh4 42.Qxc5+  1-0

[Event "5th Rethymno Open"]
[Site "Rethymno GRE"]
[Date "2013.08.01"]
[Round "6.24"]
[White "Theodorou,Nikolas"]
[Black "Kafetzi,A"]
[Result "0-1"]
[WhiteElo "2125"]
[BlackElo "1714"]

1.d4 e6 2.c4 Nf6 3.Nc3 d5 4.Nf3 Be7 5.Bf4 O-O 6.Rc1 b6 7.cxd5 Nxd5 8.Bg3 Nxc3
9.bxc3 c5 10.e3 Bb7 11.Bd3 Nd7 12.O-O Nf6 13.Qe2 Ne4 14.Bf4 h6 15.Ne5 Nf6
16.Rfd1 cxd4 17.cxd4 Qd5 18.f3 Rac8 19.Bc4 Qa5 20.e4 Rfd8 21.Be3 Nd7 22.Nd3 Ba3
23.Rc2 Bc6 24.Bd2 Qa4 25.Be3 Bxe4 26.Bb3 Bxd3 27.Rxd3 Qa5 28.Bc4 Bf8 29.Bf4 b5
30.Bb3 Rxc2 31.Bxc2 Qxa2 32.Kf2 Qa5 33.Bb1 Rc8 34.Re3 Qb6 35.Qd3 Nf6 36.Be5 Be7
37.Bxf6 Bxf6 38.Qh7+ Kf8 39.Qh8+ Ke7 40.Qxc8 Bxd4 41.Qc1 a5 42.Ke2 Bxe3 43.Qxe3 Qc7
44.g3 b4 45.Qd4 e5 46.Qd1 Qc4+ 47.Bd3 Qa2+ 48.Qd2 Qxd2+ 49.Kxd2 Kd6 50.Bc2 Kc5
51.Kd3 Kb5 52.Bb3 f6 53.Bc2 a4 54.Bd1 f5 55.Kd2 b3 56.Kc3 e4 57.Be2+ Kc5
58.Bd1 e3 59.Be2 b2 60.Kxb2 Kd4 61.f4 a3+ 62.Kxa3 Kc3 63.Ba6 Kd2 64.Kb4 e2
65.Bxe2 Kxe2 66.Kc4 Kf3 67.Kd4 Kg2 68.Ke3 Kxh2 69.Kf3 Kh3 70.Kf2 Kg4 71.Kg2 h5
72.Kf2 h4 73.gxh4 Kxf4 74.h5 Kg5 75.Kg3 Kxh5 76.Kf4 g6  0-1

[Event "14th ch-EUR Ind w"]
[Site "Belgrade SRB"]
[Date "2013.08.02"]
[Round "10.5"]
[White "Girya,O"]
[Black "Khotenashvili,B"]
[Result "1/2-1/2"]
[WhiteElo "2437"]
[BlackElo "2512"]

1.d4 d5 2.Nf3 Nf6 3.c4 e6 4.Nc3 Be7 5.Bf4 O-O 6.e3 Nbd7 7.Be2 c5 8.cxd5 Nxd5
9.Nxd5 exd5 10.O-O a6 11.dxc5 Nxc5 12.Be5 Bf5 13.Rc1 Rc8 14.Nd4 Bd7 15.Bf3 Ne4
16.Rxc8 Bxc8 17.Qc2 Ng5 18.Be2 Re8 19.Rc1 Bf8 20.Qc7 Ne4 21.Qxd8 Rxd8 22.Rc7 Bd6
23.Bxd6 Nxd6 24.Bf3 Ne8 25.Rc5 Be6 26.Kf1 Kf8 27.Ke1 Ke7 28.b4 Nf6 29.Bd1 Kd6
30.Bb3 Nd7 31.Rc1 Ne5 32.Kd2 Rc8 33.Rxc8 Bxc8 34.f4 Ng4 35.h3 Nf6 36.Bc2 g6
37.Kc3 Nd7 38.Nf3 f6 39.Nd4 Nb6 40.Bd3 Nd7 41.Nb3 Nb8 42.Nd4 Nd7 43.Be2 Nb6
44.Nb3 Na8 45.Kd4 Nc7 46.Nc5 b6 47.Na4 Kc6 48.Nc3 Bf5 49.Nd1 Ne6+ 50.Kc3 Be4
51.g3 a5 52.a3 axb4+ 53.axb4 Ng7 54.Bg4  1/2-1/2

[Event "14th ch-EUR Ind w"]
[Site "Belgrade SRB"]
[Date "2013.08.02"]
[Round "10.54"]
[White "Tarasova,Viktoriy"]
[Black "Golubeva,Oksana"]
[Result "1/2-1/2"]
[WhiteElo "2300"]
[BlackElo "2149"]

1.d4 d5 2.c4 e6 3.Nc3 Be7 4.Nf3 Nf6 5.Bf4 O-O 6.a3 a6 7.cxd5 exd5 8.e3 c5
9.Be2 b5 10.dxc5 Bxc5 11.O-O Bb7 12.Rc1 Nbd7 13.Nd4 Rc8 14.Nf5 Re8 15.b4 Bf8
16.Qb3 Ne5 17.Rfd1 Qd7 18.Nd4 h6 19.h3 Rc4 20.Bxe5 Rxe5 21.Nf3 Rh5 22.Nd4 Rg5
23.Nf3 Rh4 24.Nxg5 hxg5 25.Rd4 Rxd4 26.exd4 g4 27.hxg4 Nxg4 28.Qd1 Nh6 29.Qd3 g6
30.g3 Qh3 31.Bf1 Qh5 32.Qe2 Qg5 33.Rd1 Bd6 34.Bg2 Kg7 35.Qf3 Nf5 36.Ne2 Ne7
37.Qe3 Qf6 38.Qd2 Nc8 39.Nc1 Nb6 40.Nb3 Nc4 41.Qa2 Qg5 42.Nc5 Qg4 43.Rd3 Bc6
44.Nxa6 Qe6 45.Kf1 Qf5 46.Rf3 Qg5 47.Rc3 Qf6 48.Rd3 Bd7 49.Kg1 Bf5 50.Rd1 Bg4
51.Re1 Qxd4 52.Qa1 Nb2 53.Re3 Be5 54.Qa2 Nc4 55.Rb3 Qd1+ 56.Kh2 Nd2 57.Rd3 Nf1+
58.Bxf1 Qxf1 59.Qxd5 Qxf2+ 60.Qg2 Qf5 61.Nc5 Qh5+ 62.Kg1 Bf5 63.Rd5 Qg4 64.Rxe5 Qd4+
65.Kh2 Qxe5 66.Qf3 Qb2+ 67.Kg1 Qd2 68.Kh1 Qd4 69.Kg2 Bg4 70.Qd3 Qb2+ 71.Kg1 Be2
72.Qe3 Bc4 73.Ne4 Bd5 74.Qc3+ Qxc3 75.Nxc3 Bc4 76.Kf2 Kf6 77.Ke3 Ke5 78.a4 bxa4
79.Nxa4 f5 80.Nb2 Bb5  1/2-1/2